[Event "GER-ch Net Amateur Gr-B Vor1"]
[Site "Playchess.com INT"]
[Date "2020.04.14"]
[Round "6"]
[White "Hapke, Thorsten"]
[Black "Friemel, Reinhard"]
[Result "0-1"]
[WhiteElo "1552"]
[BlackElo "1632"]
[PlyCount "50"]
[EventDate "2020.04.14"]
[EventType "swiss (blitz)"]
[EventRounds "9"]
[EventCountry "GER"]
[SourceTitle "EXT 2021"]
[Source "ChessBase"]
[SourceDate "2020.10.23"]
[SourceVersion "1"]
[SourceVersionDate "2020.10.23"]
[SourceQuality "1"]

1. c4 c5 2. Nf3 g6 3. d4 b6 4. d5 d6 5. Nc3 Bg7 6. e4 a6 7. Be2 Nd7 8. 0-0 Bb7 9. Bd2 Ngf6 10. Rb1 a5 11. Nh4 0-0 12. f4 h6 13. Nf3 e6 14. dxe6 fxe6 15. e5 Ne4 16. Bd3 Nxc3 17. Bxc3 dxe5 18. Nxe5 Nxe5 19. Bxe5 Bxe5 20. fxe5 Qd4+ 21. Kh1 Rxf1+ 22. Qxf1 Rf8 23. Qe2 Rf2 24. Qg4 Bxg2+ 25. Kg1 Rf4+ 0-1

[Event "GER-ch Net Amateur Gr-B Vor1"]
[Site "Playchess.com INT"]
[Date "2020.04.14"]
[Round "4"]
[White "Hapke, Thorsten"]
[Black "Viol, Julius"]
[Result "1-0"]
[WhiteElo "1552"]
[BlackElo "1712"]
[PlyCount "103"]
[EventDate "2020.04.14"]
[EventType "swiss (blitz)"]
[EventRounds "9"]
[EventCountry "GER"]
[SourceTitle "EXT 2021"]
[Source "ChessBase"]
[SourceDate "2020.10.23"]
[SourceVersion "1"]
[SourceVersionDate "2020.10.23"]
[SourceQuality "1"]

1. c4 e5 2. g3 Nf6 3. Bg2 c6 4. d4 e4 5. Nc3 d5 6. cxd5 cxd5 7. Bg5 Nc6 8. e3 Be7 9. Nge2 h6 10. Bxf6 Bxf6 11. Nf4 Be6 12. 0-0 0-0 13. Rc1 Rc8 14. a3 a5 15. Na4 b6 16. Qb3 Ne7 17. Qxb6 Qxb6 18. Nxb6 Rb8 19. Na4 Bd7 20. Nc3 Rxb2 21. Nfxd5 Nxd5 22. Nxe4 Bf5 23. Rc5 Ne7 24. Nxf6+ gxf6 25. Rc7 Ng6 26. Ra7 Bd3 27. Rc1 Ra8 28. Bxa8 Kg7 29. Bg2 h5 30. Bf1 Be4 31. Bg2 Bd3 32. Rxa5 h4 33. Rac5 Ra2 34. R5c3 Ba6 35. Bd5 h3 36. Bxa2 Bb7 37. Rc7 Be4 38. Rxf7+ Kh6 39. Rcc7 Nh8 40. Rh7+ Bxh7 41. f4 Be4 42. Kf2 Ng6 43. a4 Nf8 44. a5 Ne6 45. Bxe6 Kh5 46. Bxh3 f5 47. Bg2 Bb1 48. a6 Kg4 49. a7 Ba2 50. a8Q Bb3 51. Bf3+ Kh3 52. Qh8# 1-0

[Event "GER-ch Net blitz qual3"]
[Site "Playchess.com INT"]
[Date "2020.03.21"]
[Round "9"]
[White "Friemel, Reinhard"]
[Black "Hapke, Thorsten"]
[Result "1-0"]
[WhiteElo "1720"]
[BlackElo "1564"]
[PlyCount "69"]
[EventDate "2020.03.21"]
[EventType "swiss (blitz)"]
[EventRounds "9"]
[EventCountry "GER"]
[SourceTitle "CBM 195 Extra"]
[Source "ChessBase"]
[SourceDate "2020.05.31"]
[SourceVersion "1"]
[SourceVersionDate "2020.05.31"]
[SourceQuality "1"]

1. e4 c5 2. c4 g6 3. Nc3 Bg7 4. g3 Nc6 5. Bg2 Nf6 6. Nge2 d6 7. d3 0-0 8. 0-0 a6 9. h3 Bd7 10. f4 Qc8 11. Kh2 e5 12. Nd5 Nxd5 13. cxd5 Nd4 14. Nxd4 cxd4 15. g4 f6 16. Bd2 b5 17. Rc1 Qb7 18. f5 g5 19. Bb4 Qb6 20. Qe1 a5 21. Bd2 Rfc8 22. Rxc8+ Bxc8 23. h4 h6 24. hxg5 hxg5 25. Kg3 Kf7 26. Rh1 Ba6 27. Bf1 b4 28. Qf2 Qc5 29. Qh2 Rh8 30. Qg2 Rxh1 31. Qxh1 Qc2 32. Qh5+ Ke7 33. Qg6 Kf8 34. Bxg5 Qxd3+ 35. Bxd3 1-0

[Event "GER-ch Net blitz qual3"]
[Site "Playchess.com INT"]
[Date "2020.03.21"]
[Round "1"]
[White "Hapke, Thorsten"]
[Black "Koepke, Christian"]
[Result "0-1"]
[WhiteElo "1564"]
[BlackElo "2342"]
[PlyCount "24"]
[EventDate "2020.03.21"]
[EventType "swiss (blitz)"]
[EventRounds "9"]
[EventCountry "GER"]
[SourceTitle "CBM 195 Extra"]
[Source "ChessBase"]
[SourceDate "2020.05.31"]
[SourceVersion "1"]
[SourceVersionDate "2020.05.31"]
[SourceQuality "1"]

1. c4 e6 2. g3 d5 3. Nf3 c5 4. Bg2 Nc6 5. 0-0 Nf6 6. d3 Be7 7. b3 0-0 8. Nbd2 d4 9. e3 dxe3 10. fxe3 Qxd3 11. Qe1 Ng4 12. Nb1 Bf6 0-1

[Event "Niedersachsen-ch op B"]
[Site "Verden"]
[Date "2018.01.06"]
[Round "5"]
[White "Hapke, Thorsten"]
[Black "Zoellner, Bente"]
[Result "0-1"]
[WhiteElo "1580"]
[BlackElo "1390"]
[PlyCount "96"]
[EventDate "2018.01.04"]
[EventType "swiss"]
[EventRounds "7"]
[EventCountry "GER"]
[SourceTitle "EXT 2022"]
[Source "ChessBase"]
[SourceDate "2021.10.06"]
[SourceVersion "1"]
[SourceVersionDate "2021.10.06"]
[SourceQuality "1"]

1. c4 c5 2. Nf3 Nc6 3. d4 cxd4 4. Nxd4 Nf6 5. Nc3 g6 6. e4 d6 7. Be3 Bg7 8. Be2 0-0 9. Nc2 Qa5 10. 0-0 Bd7 11. Qd2 Ng4 12. Bxg4 Bxg4 13. Rab1 Ne5 14. Na3 Rfc8 15. Nd5 Qd8 16. b3 Qd7 17. Nb5 Bf3 18. Kh1 Qh3 19. gxf3 Nxf3 20. Bf4 Nxd2 21. Bxd2 Be5 22. f4 Bf6 23. Rbe1 Kf8 24. Nxf6 exf6 25. Nxd6 Rc7 26. Bb4 Kg8 27. Rf2 Rd7 28. Ref1 Rad8 29. e5 Qe6 30. Bc3 f5 31. Rd2 Qe7 32. Rfd1 Qh4 33. Rd4 Qf2 34. Ba1 Qxa2 35. b4 Qb3 36. b5 a6 37. R4d3 Qa4 38. Rd4 axb5 39. cxb5 Qa7 40. Bc3 Qb6 41. Be1 Qc5 42. Bb4 Qc2 43. R4d2 Qa4 44. Rd4 Ra8 45. Be1 Qc2 46. R1d2 Qc1 47. Rd1 Qe3 48. Bg3 Ra2 0-1

[Event "Niedersachsen-ch op"]
[Site "Verden"]
[Date "2011.01.02"]
[Round "1"]
[White "Hachtmann, Christian"]
[Black "Hapke, Thorsten"]
[Result "1-0"]
[WhiteElo "2006"]
[BlackElo "1578"]
[PlyCount "102"]
[EventDate "2011.01.02"]
[EventType "swiss"]
[EventRounds "7"]
[EventCountry "GER"]
[SourceTitle "EXT 2018"]
[Source "ChessBase"]
[SourceDate "2017.10.13"]
[SourceVersion "1"]
[SourceVersionDate "2017.10.13"]
[SourceQuality "1"]

1. e4 e6 2. d4 d5 3. e5 c5 4. c3 Qb6 5. Nf3 Nc6 6. Bd3 cxd4 7. cxd4 Bd7 8. Nc3 Nxd4 9. Nxd4 Qxd4 10. 0-0 a6 11. Kh1 Ne7 12. f4 Nf5 13. Bxf5 Qxd1 14. Rxd1 exf5 15. Nxd5 0-0-0 16. Be3 Bc6 17. Nb6+ Kc7 18. Nc4 Rxd1+ 19. Rxd1 b5 20. Nd6 Bxd6 21. Rxd6 Re8 22. Bc5 Re6 23. Rd2 f6 24. Kg1 fxe5 25. fxe5 g5 26. Kf1 h5 27. Bd6+ Kb6 28. b4 g4 29. g3 Be4 30. Kf2 Kc6 31. Ke3 Rh6 32. Rd1 h4 33. Rc1+ Kb6 34. gxh4 Rxh4 35. e6 Rh8 36. e7 Bc6 37. Kf4 Be4 38. Ke5 Bc6 39. Kf6 Rh6+ 40. Kg7 Re6 41. Kf7 Re2 42. Bf4 Re4 43. Rc5 Bd7 44. Rc7 Bc6 45. Rc8 Bd7 46. Rc7 Bc6 47. Kf6 Be8 48. Rc8 Bd7 49. Rb8+ Kc6 50. Be5 f4 51. e8Q Bxe8 1-0

[Event "Hannover-chB"]
[Site "Bueckeburg"]
[Date "2007.11.02"]
[Round "4"]
[White "Hapke, Thorsten"]
[Black "Leon Villagra, Pablo"]
[Result "0-1"]
[WhiteElo "1594"]
[BlackElo "1525"]
[PlyCount "82"]
[EventDate "2007.11.01"]
[EventType "swiss"]
[EventRounds "7"]
[EventCountry "GER"]
[SourceTitle "EXT 2021"]
[Source "ChessBase"]
[SourceDate "2020.10.23"]
[SourceVersion "1"]
[SourceVersionDate "2020.10.23"]
[SourceQuality "1"]

1. c4 Nf6 2. Nc3 g6 3. g3 Bg7 4. Bg2 0-0 5. Nf3 c5 6. b3 d5 7. Bb2 d4 8. Na4 Nfd7 9. 0-0 Nc6 10. e3 e5 11. exd4 cxd4 12. d3 Nb6 13. Nxb6 Qxb6 14. Re1 Re8 15. a3 a5 16. Ra2 Bd7 17. Bc1 h6 18. Nd2 f5 19. Bd5+ Kh7 20. Qc2 Ne7 21. c5 Qc7 22. Bc4 b5 23. c6 Qxc6 24. Bf7 Rf8 25. Qxc6 Bxc6 26. Bxg6+ Nxg6 27. f3 Rfc8 28. Kf2 Rc7 29. h4 Rac8 30. h5 Nf8 31. f4 e4 32. dxe4 Bxe4 33. Ra1 Rc2 34. Kf1 Nd7 35. Nxe4 fxe4 36. g4 d3 37. Rb1 Bd4 38. Be3 Bxe3 39. Rxe3 Rc1+ 40. Re1 d2 41. Rd1 Rxb1 0-1